Представление документа в формате RUSMARC

Поле Инд. ПП Название Значение
Тип записи a
Библиографический уровень a
001 Контрольный номер 14d5cf75059e469a81dfbb68508e7dbf
005 Дата корректировки 20260428100702.1
100 a Данные общей обработки 20260427 ||| 0rusy0189 ca
101 0_ a Язык текста rus
102 a Страна публикации RU
200 1_ a Заглавие О природе и сущности государства и государственного властвования в учении Ф. В. Тарановского (начало XX в.)
b Общее обозначение материала Текст
203 a Вид содержания Текст
210 1_ d Дата издания 2026
300 a Общие примечания Чтение статьи доступно в Источнике
336 a Примечание о виде электронного ресурса PDF
461 _0 1 2000
a Правосудие
463 _0 1 2000
a № 1
b Электронный ресурс
v С. 50-60
1 2101
d 2026
1 001f36c2e215bd94ef8909520acb0e97968
606 a Основная рубрика Право. Юридические науки
x Основная подрубрика Теория права. Правоведение
610 0_ a Ключевые слова ЧЕЛОВЕЧЕСКОЕ ОБЩЕЖИТИЕ
a Ключевые слова ГОСУДАРСТВЕННАЯ ФОРМА
a Ключевые слова КОЧЕВЫЕ ДЕРЖАВЫ
a Ключевые слова РГУП
700 _1 a Фамилия Колыванцева
b Имя М.А.
801 _0 a Страна RU
b Организация РГУП
c Дата составления 20260427
g Правила каталогизации PSBO
801 _1 a Страна RU
b Организация РГУП
c Дата составления 20260427
g Правила каталогизации PSBO
901 t Тип документа b
w Контрольный № источника f36c2e215bd94ef8909520acb0e97968
905 a Дата ввода 20260427